Cantons Suisses - Statistiques

Statistiques générales
  • Ce quiz a été pris 47 277 fois
  • Le résultat moyen est 17 sur 26
Réponses sur la Carte
Les réponses sont colorées sur une échelle allant du rouge au vert en fonction du pourcentage des utilisateurs qui les ont devinées à leur premier essai. Vous pouvez retrouver ces pourcentages ci-dessous.
 
Statistiques - réponses
Canton % Correct
Genève
95%
Berne
94%
Zurich
89%
Vaud
87%
Valais
82%
Jura
78%
Neuchâtel
77%
Tessin
77%
Fribourg
75%
Grisons
70%
Bâle-Ville
69%
Bâle-Campagne
68%
Uri
66%
Lucerne
62%
Saint-Gall
57%
Schwytz
57%
Argovie
56%
Nidwald
52%
Obwald
52%
Soleure
51%
Zoug
51%
Thurgovie
47%
Glaris
44%
Schaffhouse
41%
Appenzell Rhodes Extérieures
36%
Appenzell Rhodes Intérieures
36%
Aucun quiz correspondant
Distribution des résultats
% des personnes avec chaque résultat
Percentile par nombre de réponses
Votre historique - résultats
Vous n’avez pas pris ce quiz